Rhyming Band Names - Statistics

General Stats
  • This quiz has been taken 934 times
  • The average score is 11 of 15
Answer Stats
First Part Rhyming Part % Correct
Duran Duran
97%
U 2
95%
Tears For Fears
94%
Tower of Power
84%
Lynyrd Skynyrd
83%
Milli Vanilli
81%
Ace of Base
77%
Oingo Boingo
69%
Mr. Mister
67%
Smothers Brothers
65%
Quiet Riot
65%
Talk Talk
61%
Reel 2 Real
54%
Ram Jam
53%
Scritti Politti
28%
No matching quizzes found
Score Distribution
Percent of People with Each Score
Percentile by Number Answered
Your Score History
You have not taken this quiz